书目信息 |
| 题名: |
法庭的故事
|
|
| 作者: | 黄鸣鹤 著 | |
| 分册: | ||
| 出版信息: | 北京 团结出版社 2006 |
|
| 页数: | 221页 | |
| 开本: | 23cm | |
| 丛书名: | 人文与自然博物馆 | |
| 单 册: | ||
| 中图分类: | D916.2 | |
| 科图分类: | ||
| 主题词: | 法庭--世界--通俗读物 , 法庭 | |
| 电子资源: | ||
| ISBN: | 7-80214-062-5 | |
| 000 | 00834oam2 2200265 450 | |
| 001 | 003152624 | |
| 005 | 20070804110802.37 | |
| 010 | @a7-80214-062-5@dCNY38.00 | |
| 100 | @a20060416d2006 em y0chiy0110 ea | |
| 101 | 0 | @achi |
| 102 | @aCN@b110000 | |
| 105 | @aa z 000yd | |
| 200 | 1 | @a法庭的故事@9fa ting de gu shi@dStory of court@f黄鸣鹤著@zeng |
| 210 | @a北京@c团结出版社@d2006 | |
| 215 | @a221页@c图,照片@d23cm | |
| 225 | 2 | @a人文与自然博物馆 |
| 330 | @a本书包括法庭篇和审判篇两部分内容。以法院文化为主题,以人文精神为坐标,贯穿古今中外,讲述了法庭的故事。 | |
| 461 | 0 | @12001 @a人文与自然博物馆 |
| 510 | 1 | @aStory of court@zeng |
| 606 | 0 | @a法庭@y世界@j通俗读物 |
| 606 | 0 | @a法庭 |
| 690 | @aD916.2@v4 | |
| 701 | 0 | @a黄鸣鹤@9huang ming he@f(1972~)@4著 |
| 801 | 0 | @aCN@bNLC@c20070804 |
| 905 | @a10447@dD916.2@e390 | |
| 法庭的故事=Story of court/黄鸣鹤著.-北京:团结出版社,2006 |
| 221页:图,照片;23cm.-(人文与自然博物馆) |
| ISBN 7-80214-062-5:CNY38.00 |
| 本书包括法庭篇和审判篇两部分内容。以法院文化为主题,以人文精神为坐标,贯穿古今中外,讲述了法庭的故事。 |
| ● |
| 相关链接 |
|
|
|
|
正题名:法庭的故事
索取号:D916.2/390
 
预约/预借
| 序号 | 登录号 | 条形码 | 馆藏地/架位号 | 状态 | 备注 |
| 1 | 0803975 | 208039754 | 第一样本阅览室/ [索取号:D916.2/390] | 在馆 | |
| 2 | 0803976 | 208039763 | 第一借阅区/ [索取号:D916.2/390] | 在馆 | |
| 3 | 0803977 | 208039772 | 第一借阅区/ [索取号:D916.2/390] | 在馆 | |
| 4 | 0803978 | 208039781 | 第一借阅区/ [索取号:D916.2/390] | 在馆 | |
| 5 | 0803979 | 208039790 | 第一借阅区/ [索取号:D916.2/390] | 在馆 | |
| 6 | 0803980 | 208039807 | 第一借阅区/ [索取号:D916.2/390] | 在馆 | |
| 7 | 0803981 | 208039816 | 第一借阅区/ [索取号:D916.2/390] | 在馆 | |
| 8 | 0803982 | 208039825 | 第一借阅区/ [索取号:D916.2/390] | 在馆 |